| 000 | 00518nam a22001577a 4500 | ||
|---|---|---|---|
| 008 | 150608b xxu||||| |||| 00| 0 eng d | ||
| 020 | _a9789715848046 | ||
| 050 |
_aDS 675.8 . _bR627 2009 |
||
| 100 | _aCruz, Emerlinda G. | ||
| 245 |
_aEl filibusterismo ni Dr. Jose Rizal / _cErmelinda G. Cruz ; Rogelio G. Mangahas |
||
| 260 |
_aQuezon City _bC&E Publishing Inc. _c2009 |
||
| 300 |
_av, 456 p. _bill., _c25 cm. |
||
| 500 | _aIncludes glossary. | ||
| 650 | _aLiterature | ||
| 942 |
_2lcc _cBK _mDS 675.8 .R627 2009 |
||
| 999 |
_c284784 _d284784 |
||